000 00589nam a2200229Ia 4500
008 160803s9999 xx 000 0 und d
020 _a0 439753724
100 _aDeGroat, Diane
245 _aRoses are pink, your feet really stink /
245 _cDiane deGroat.
260 _aNew York :
260 _bScholastic Inc.
260 _c1996
300 _a32 unnumbered pages :
300 _bcolor illustrations ;
300 _c26 cm
650 _aSchools --
650 _aValentine's Day --
650 _xJuvenile fiction.
650 _xJuvenile fiction.
700 _a590
999 _c299282
_d299282